000 00785nam a2200289Ia 4500
001 Z_5134
003 CHAP
008 220113s1999 xx 000 0 und d
010 _a168191
040 _cCHAP
090 _aFolleto 688
100 _aPalacios Franquez, Antonio
_9142455
245 _aDesparasitación interna en bovinos en el trópico seco /
_cpor Antonio Palacios Franquez
260 _aTepic, Nay. :
_bINIFAP. Campo Experimental El Verdineño,
_c1999
300 _a13 p.
440 _aFolleto para productores no. 4
_9142460
500 _a
503 _a
650 _aBovinos
_xDesparasitación
_9142457
650 _aDesparasitación
_9142461
901 _aFolleto 688
902 _aA
910 _a1999
942 _cc14
942 _cc14
999 _c168191
_d168191